| 000 | 00477nam a2200169Ia 4500 | ||
|---|---|---|---|
| 003 | GCL | ||
| 008 | 140319s9999 xx 000 0 eng d | ||
| 040 |
_aGCL / _cGCL |
||
| 082 | 0 | 4 |
_a006.676 _bF P |
| 100 | 1 | _aFELLERS, PATRICK W. | |
| 245 | 1 | 0 |
_aPAGE DESIGN WITH QUARK XPESS 3.2 FOR MAC / _cFELLERS, PATRICK W. |
| 260 |
_a[S.N] : _bSYBEX INC. ، _c1993 |
||
| 300 | _a576 | ||
| 650 | 0 | 4 | _aCOMPUTER GRAPHICS |
| 650 | 0 | 4 | _aPAGE-1 ( ELECTIONC COMPUTER SYSTEM ) |
| 942 |
_2ddc _cBK |
||
| 999 |
_c16538 _d16538 |
||